000 00859nam a22002175i 4500
001 154304
003 ES-MaACL
005 20230906205644.0
008 991104m17871788fr |||| | fre d
040 _aEUS
_bspa
_cEUS
100 1 _aGillies, John.
_956977
245 1 0 _aHistoire de l'ancienne Grèce de ses colonies et de ses conquêtes, depuis les premiers temps, jusqu'à la division de l'Empire macédonien, dans l'Orient /
_ctraduite de l'anglais de John Gillies par M. Carra.
260 _aA Paris :
_bchez Buisson ... :
_bde l'Imprimerie Polytype ...,
_c1787-1788.
300 _a6 v. ;
_c20 cm.
597 _aAntep.
597 _aApostillas marginales.
651 4 _aGrecia-
_xHistoria-
_yHasta 146 a.C.
_98781
700 1 _aCarra, Jean-Louis.
_9149700
852 _aES-MaACL
_jR-1193-98
_z-- Enc. hol.
_xOlim: G-9813-18
999 _c154304
_d154304